Loading...
| Science - Physics | 0 | 6 | 0 | 1 | 60 | 78 | 97.17 | 0 | 2 | 0.00 | 0.00 |
| Science - Chemistry | 0 | 5 | 0 | 0 | 50 | 80 | 92.20 | 1 | 2 | 0.00 | 0.00 |
| Science - Other | 0 | 5 | 2 | 1 | 40 | 94 | 107.20 | 0 | 2 | 0.00 | 0.00 |
| Science - Biology | 0 | 4 | 0 | 0 | 40 | 48 | 63.75 | 1 | 4 | 0.00 | 0.00 |
| Mythology | 0 | 2 | 0 | 1 | 20 | 69 | 100.00 | 0 | 1 | 0.00 | 0.00 |
| Fine Arts - Other | 0 | 2 | 0 | 2 | 20 | 112 | 115.00 | 0 | 0 | 0.00 | 0.00 |
| Social Science | 0 | 1 | 0 | 0 | 10 | 71 | 71.00 | 0 | 1 | 0.00 | 0.00 |
| Fine Arts - Painting and Sculpture | 0 | 1 | 0 | 1 | 10 | 128 | 128.00 | 0 | 0 | 0.00 | 0.00 |
| Other Academic | 0 | 1 | 0 | 1 | 10 | 135 | 135.00 | 0 | 0 | 0.00 | 0.00 |
| Popular Culture | 0 | 1 | 1 | 1 | 5 | 132 | 132.00 | 0 | 0 | 0.00 | 0.00 |
| Religion | 0 | 0 | 0 | 0 | 0 | 0.00 | 0 | 0 | 0.00 | 0.00 | |
| Literature - British | 0 | 0 | 1 | 0 | -5 | 0.00 | 0 | 0 | 0.00 | 0.00 |